| 000 | 01454nam a2200205 a 4500 | ||
|---|---|---|---|
| 003 | PILC | ||
| 005 | 20250428132228.0 | ||
| 008 | 080222s1975 xx 00 eng d | ||
| 010 | _aAcc#41688 | ||
| 020 | _a0687171741 | ||
| 040 | _cPhilippine Baptist Theological Seminary | ||
| 050 |
_a1 BT 21.2 _bG589 1970 |
||
| 100 | 1 | 0 |
_aGonzalez, Justo L. _eAuthor |
| 245 | 1 | 0 |
_aA history of Christian thought ; volume 1 : _bfrom the beginning to the Council of Chalcedon / _cJusto L. Gonzales. |
| 264 |
_aNashville, TN : _bAbingon Press, _c©1975. |
||
| 300 | _a407 p. ; 23 cm. | ||
| 505 | _aForeword -- Preface to the English edition -- List abbreviations -- I Introduction -- II The cradle of Christianity -- III The theology of the apostolic fathers -- IV The Greek apologists -- V The early heresies: challenge and response -- VI Iranaeus -- VII Tertullian -- VIII The school of Alexandria: clement and origin -- IX Western theology in the third century -- X Eastern theology after origen -- XI The Arian controversy and the council country -- XII The Arian controversy after Nicea -- XIII The theology of Athanasius -- XIV The three great Cappadocians -- XV Trinitarian doctrine in the West -- XVI The beginnings of the Christological controversies -- XVII The Nestorian controversy and the council of Ephesus -- XVIII The council of Chalcedon -- XIX Apostolic or Apostate? | ||
| 650 |
_aTHEOLOGY, DOCTRINE _xHISTORY |
||
| 942 |
_cCB _2lcc |
||
| 999 |
_c19681 _d19681 |
||